LEADER 02077nam a2200397 u 4500 001 000000022968 003 CaOOAMICUS 005 20070226111202.0 008 950427s1981 it u000 u ita u 035 $a10577205 040 $aPUL(R)$bita 100 1 $aSpinoni, Lorenzo.$0(OLS)http://pul/name/19444 245 12$aL'attività di Angelo Zammarchi per la presenza religiosa nella scuola :$bestratto della tesi /$cSpinoni Lorenzo. 260 $aRoma :$bPontificia Università Lateranense,$c1981. 300 $a92 p. ;$c24 cm 490 1 $aPontificia Universitas Lateranensis. Theses ad doctoratum in S. Theologia. 500 $aSottotitolo di copertina: Excerptum ex dissertatione. 502 $aDiss. -- Pontificia Università Lateranense. 504 $aBibliografia: p. 86-89. 504 $a"Bibliografia di Angelo Zammarchi": p. 90. 600 14$aZammarchi, Angelo,$csac.,$d1871-1958.$0(OLS)http://pul/subject/14277 600 04$aBenedictus PP.$bXV,$d1854-1922.$0(OLS)http://pul/subject/7155 650 4$aCatechismo$xStudio e insegnamento.$0(OLS)http://pul/subject/1222 650 4$aEducazione cristiana.$0(OLS)http://pul/subject/10462 650 4$aClero$zItalia$zBrescia.$0(OLS)http://pul/subject/14268 651 4$aBrescia$xVita intellettuale.$0(OLS)http://pul/subject/14278 830 0$aTheses ad doctoratum in s. theologia (Pontificia Università Lateranense).$0(OLS)http://pul/title/346 850 $aPUL 852 $aPUL$W1$xDP1 Tesi Pon Univ. Lateranense$y41$mTH PUL.THEOL 374$j32193$nBK-PRI$b $qTesi$B32193$CPULBib$Z2$F32193 $HPUL50183 $81 941 1 $a16 960 $aPapi (1914-1922 : Benedictus PP. XV)$97155 960 $aPapi (1914-1922 : Benedictus PP. XV)$97155 960 $aBenedetto$bXV,$cpapa,$d1854-1922$97155 960 $aDella Chiesa, Giacomo,$d1854-1922$97155 996 $6245$aL'attività di Angelo Zammarchi per la presenza religiosa nella scuola :$bestratto della tesi$9(OLS)http://pul/title/31992 996 $6260$aRoma :$bPontificia Università Lateranense$9(OLS)http://pul/publisher/47963 LEADER 02629nam a2200457 u 4500 001 000000070690 003 CaOOAMICUS 005 20121012123819.0 008 020514s2002 fr u000 u fre u 020 $a2-204-06849-7 (v.1) 020 $a2-204-06850-0 (v.2) 035 $a10929657 040 $aIPA$bita$dEFR 041 1 $afre$alat$hgrc 100 0 $aPamphilus Caesariensis,$csanto,$dmorto 309.$0(OLS)http://pul/name/47024 240 10$aApologia pro Origene$9(Pamphilus Caesariensis).$lFrancese e latino.$0(OLS)http://pul/title/93152 245 10$aApologie pour Origène /$cPamphile et Eusèbe de Césarée. Suivi de Sur la falsification des livres d'Origène / Rufin d'Aquilée. 260 $aParis :$bCerf,$c2002. 300 $a2 v. ;$c20 cm 490 1 $aSources chrétiennes ;$v464, 465 504 $aNotes bibliogr. Index. 505 0 $at. 1. Texte critique, traduction et notes / par René Amacker et Eric Junod -- t. 2. Etude, commentaire philologique et index / par René Amacker et Eric Junod. 546 $aTexte latin et traduction française en regard. 600 04$aOrigenes,$d184-253.$0(OLS)http://pul/subject/2177 650 0$aChristian literature, Early$xGreek authors$xTranslations into Latin.$2//eng$0(OLS)http://pul/subject/25271 650 0$aChristian literature, Early$xGreek authors$xTranslations into French.$2//eng$0(OLS)http://pul/subject/25272 700 0 $aEusebius Caesariensis,$cvesc.,$dc. 260/265-339/340.$0(OLS)http://pul/name/4567 700 1 $aJunod, Eric.$0(OLS)http://pul/name/779 700 1 $aAmacker, René.$0(OLS)http://pul/name/47027 700 1 $aRufinus, Tyrannius,$dc. 345-410.$tDe adulteratione librorum Origenis$9(Rufinus, Tyrannius, c. 345-410)$lFrancese e latino.$0(OLS)http://pul/name/47026 830 0$aSources chrétiennes,$x0750-1978 ;$v464, 465.$0(OLS)http://pul/title/45 850 $aPUL 852 $aPUL$W1$xSL Religione 2$y84$mTheol E3 464-465$j91466$nBK-PRI$b $qStampati altre collocazioni$B91466$CPULBib$Z2$F91466 $HPUL102058,PUL102041 $81 852 $aPUL$W1$xSL Religione 2$y84$mTheol E3 464-465$j91466$nBK-PRI$b $qStampati altre collocazioni$B91467$CPULBib$Z2$F91467 $HPUL102058,PUL102041 $81 900 $aEusebio di Cesarea,$cvesc. di Cesarea,$dc. 265-c. 340$94567 941 1 $a10 960 $aOrigene,$d184-253$92177 996 $6020$a2-204-06849-7 (v.1)$9(OLS)http://pul/number/91400 996 $6020$a2-204-06850-0 (v.2)$9(OLS)http://pul/number/91401 996 $6245$aApologie pour Origène$9(OLS)http://pul/title/93153 996 $6260$aParis :$bCerf$9(OLS)http://pul/publisher/48238